000 02465nam0a22003851i 4500
001 RU\NLR\BIBL_A\011103611
005 20260406015220.0
010 _a9785990753433
_9500
021 _aRU
_b2016-25002
_91590
035 _a(NLR Aleph) 011103611
090 _a11433948
_c11433948
100 _a20160418d2016 u y0rusy50 ca
101 0 _arus
_atur
102 _aRU
105 _ay j 001yy
200 1 _aТурецкий язык
_eучебно-методический комплекс по переводу турецко-российской прессы
_iКлючи к упражнениям и расшифровки видеофрагментов с переводом
_eдля студентов старших курсов языковых вузов и лиц, находящихся на продвинутом уровне изучения турецкого языка
_fЕ.А. Оганова, С.Н. Воробьёва
_gМоск. гос. ун-т им. М.В. Ломоносова, Ин-т стран Азии и Африки
205 _a3-е изд.
210 _aМосква
_cМБА
_d2016
215 _a91 с
_d24
300 _aНа обл. загл. разд.: Ключи к упражнениям. Расшифровки видеофрагментов с переводом
300 _aНа 4-й с. обл. авт.: Оганова Е.А., к.филол.н., доц., преп., Воробьева С.Н., к.филол.н., пер.
316 _aВидеоприл, указ. в вып. дан., отсутствует
_5NLR
517 1 _aКлючи к упражнениям. Расшифровки видеофрагментов с переводом
517 1 _aРасшифровки видеофрагментов с переводом
606 1 _aТурецкий язык
_jУчебные издания для высших учебных заведений
_xПеревод
_xРусский язык
_92284323
_3RU\NLR\AUTH\6601596416
686 1 _aШ163.12-93рус3-77
700 1 _aОганова
_bЕ. А.
_gЕлена Александровна
701 1 _7ca
_8rus
_aВоробьева
_bС. Н.
_cканд. филол. наук, тюрколог
_gСветлана Николаевна
_9103618
_3RU\NLR\AUTH\77120693
852 _aNLR
_bОЛСАА-тур
_j3-1384
942 _cBOOK
980 _aNBR
980 1 _aTUR